Universal handbook on divorce : (Record no. 40333)

MARC details
000 -LEADER
fixed length control field 01997nam a22003257a 4500
005 - DATE AND TIME OF LATEST TRANSACTION
control field 20100809124232.0
010 ## - LCCN (DPL NO)
LC control number ENG-98513 B-444873-877
020 ## - INTERNATIONAL STANDARD BOOK NUMBER
International Standard Book Number 9788175348417
Terms of availability 225.00
035 ## - SYSTEM CONTROL NUMBER
System control number EN-82046 B-444873-877
037 ## - SOURCE OF ACQUISITION
Source of stock number/acquisition DBAD/PUB
037 ## - SOURCE OF ACQUISITION
Source of stock number/acquisition Allied Pub/Ven
082 ## - DEWEY DECIMAL CLASSIFICATION NUMBER
Classification number 346.540166
100 ## - MAIN ENTRY--PERSONAL NAME
Personal name Jai, Janak Raj
245 ## - TITLE STATEMENT
Title Universal handbook on divorce :
Remainder of title law and procedure /
Statement of responsibility, etc by Janak Raj Jai
250 ## - EDITION STATEMENT
Edition statement 4th edition
260 ## - PUBLICATION, DISTRIBUTION, ETC. (IMPRINT)
Place of publication, distribution, etc New Delhi
Name of publisher, distributor, etc Universal Law Publishing Co.
Date of publication, distribution, etc 2010
270 ## - ADDRESS
Address C-FF-1A, Dilkhush Industrial Estate
City New Delhi
Postal code 110033
300 ## - PHYSICAL DESCRIPTION
Extent xxiv, 237p.
Dimensions 21cm (pbk)
500 ## - GENERAL NOTE
General note Inclides index
650 ## - SUBJECT ADDED ENTRY--TOPICAL TERM
Topical term or geographic name as entry element Divorce- law and legislation
650 ## - SUBJECT ADDED ENTRY--TOPICAL TERM
Topical term or geographic name as entry element Seperation law
942 ## - ADDED ENTRY ELEMENTS (KOHA)
Source of classification or shelving scheme Dewey Decimal Classification
Item type English Books
Classification part 346.540166
Call number suffix JAI
Holdings
Withdrawn status Lost status Not for loan Collection code Home library Current library Date acquired Source of acquisition Cost, normal purchase price Full call number Barcode Copy number Cost, replacement price Koha item type
      Non-fiction Central Library Central Library 01/02/2012 Allied Pub/1059/14.09.2011/85/24.3.2011/12.10.2011 225.00 346.540166 JAI B-444873 1 225.00 English Books
    Not For Loan Non-fiction D.B.Act.Division D.B.Act.Division 09/08/2010 DBAD/PUB 225.00 346.540166 JAI EN-82046 1 225.00 English Books
      Non-fiction Karol Bagh Karol Bagh 01/02/2012 Allied Pub/1059/14.09.2011/85/24.3.2011/12.10.2011 225.00 346.540166 JAI B-444876 1 225.00 English Books
      Non-fiction Patel Nagar Patel Nagar 01/02/2012 Allied Pub/1059/14.09.2011/85/24.3.2011/12.10.2011 225.00 346.540166 JAI B-444874 1 225.00 English Books
      Non-fiction Sarojini Nagar Sarojini Nagar 01/02/2012 Allied Pub/1059/14.09.2011/85/24.3.2011/12.10.2011 225.00 346.540166 JAI B-444875 1 225.00 English Books
      Non-fiction Shahdara Branch Shahdara Branch 01/02/2012 Allied Pub/1059/14.09.2011/85/24.3.2011/12.10.2011 225.00 346.540166 JAI B-444877 1 225.00 English Books

© Delhi Public Library
Hit Counter
free hit counter